Costa Rica y el sistema Internacional /
Este libro aborda los temas más importantes de la agenda internacional costarricense y analiza la evolución de las principales vinculaciones internacionales del país. Presenta una mirada al pasado, a las tendencias históricas que marcan la situación actual de la política exterior, de manera que se p...
محفوظ في:
| المؤلف الرئيسي: | |
|---|---|
| مؤلفون آخرون: | |
| التنسيق: | نص |
| اللغة: | Spanish |
| منشور في: |
San José:
Fundación Friedrich Ebert. Editorial Nueva Sociedad
1990
|
| الموضوعات: | |
| الوسوم: |
إضافة وسم
لا توجد وسوم, كن أول من يضع وسما على هذه التسجيلة!
|
MARC
| LEADER | 00000 a a2200000 04500 | ||
|---|---|---|---|
| 001 | 31523 | ||
| 003 | cru CIDCACS/IIS | ||
| 005 | 20230705111928.0 | ||
| 008 | 230321e1990 cr ||||| |||| 00| 0 spa d | ||
| 020 | |a 980-6110-79-X | ||
| 040 | |c CRAI IIS | ||
| 090 | |a 01.02.01 R741c | ||
| 100 | |a Rojas Aravena, Francisco | ||
| 245 | |a Costa Rica y el sistema Internacional / |c Francisco Rojas Aravena | ||
| 260 | |a San José: |b Fundación Friedrich Ebert. Editorial Nueva Sociedad |c 1990 | ||
| 300 | |a 350 p. | ||
| 520 | |a Este libro aborda los temas más importantes de la agenda internacional costarricense y analiza la evolución de las principales vinculaciones internacionales del país. Presenta una mirada al pasado, a las tendencias históricas que marcan la situación actual de la política exterior, de manera que se pueda encontrar alternativas de acción para el futuro | ||
| 650 | |a COSTA RICA | ||
| 650 | |a POLITICA EXTERIOR | ||
| 650 | |a ANALISIS HISTORICO | ||
| 650 | |a GLOBALIZACION | ||
| 650 | |a RELACIONES INTERNACIONALES | ||
| 650 | |a RELACIONES NORTE SUR | ||
| 650 | |a RELACIONES SUR SUR | ||
| 650 | |a PAISES DESARROLLADOS | ||
| 650 | |a RELACIONES BILATERALES | ||
| 650 | |a AMERICA CENTRAL | ||
| 650 | |a INTEGRACION REGIONAL | ||
| 650 | |a RECESION ECONOMICA | ||
| 650 | |a COMERCIO EXTER | ||
| 700 | |a coord. | ||
| 942 | |2 ddc |c LI | ||
| 999 | |c 12407 |d 12407 | ||



